Xu hướng phát triển kinh tế thế giới hiện nay và tác động đối với an ninh trật tự ở Việt Nam

Sách tập trung nghiên cứu, tìm hiểu đặc điểm chủ yếu của nền kinh tế thế giới và xu hướng vận động trong thời gian tới, từ đó đánh giá những tác động của nó đối với nền kinh tế Việt Nam và những ảnh hưởng của nó đối với an ninh,...

Volledige beschrijving

Bewaard in:
Bibliografische gegevens
Hoofdauteur: Nguyễn, Văn Ngừng
Formaat: Boek
Taal:Undetermined
Gepubliceerd in: Hà Nội Chính trị Quốc gia 2010
Onderwerpen:
Tags: Voeg label toe
Geen labels, Wees de eerste die dit record labelt!
Thư viện lưu trữ: Trung tâm Học liệu Trường Đại học Cần Thơ
LEADER 01537nam a2200217Ia 4500
001 CTU_159801
008 210402s9999 xx 000 0 und d
020 |c 20000 
082 |a 330.9 
082 |b Ng556 
100 |a Nguyễn, Văn Ngừng 
245 0 |a Xu hướng phát triển kinh tế thế giới hiện nay và tác động đối với an ninh trật tự ở Việt Nam 
245 0 |c Nguyễn Văn Ngừng 
260 |a Hà Nội 
260 |b Chính trị Quốc gia 
260 |c 2010 
520 |a Sách tập trung nghiên cứu, tìm hiểu đặc điểm chủ yếu của nền kinh tế thế giới và xu hướng vận động trong thời gian tới, từ đó đánh giá những tác động của nó đối với nền kinh tế Việt Nam và những ảnh hưởng của nó đối với an ninh, trật tự ở nước ta. Trên cơ sở đó tác giả đề xuất một số giải pháp nhằm phát triển kinh tế, bảo vệ an ninh quốc gia và giữ gìn trật tự an toàn xã hội dưới tác động của toàn cầu hóa. 
650 |a International economic relations,Development countries,Quan hệ kinh tế toàn cầu,Phát triển quốc gia 
650 |x Economic conditions,Khía cạnh kinh tế 
904 |i Trọng Hải 
980 |a Trung tâm Học liệu Trường Đại học Cần Thơ